| Поле | Инд. | ПП | Название | Значение |
|---|---|---|---|---|
| Тип записи | a | |||
| Библиографический уровень | m | |||
| 001 | Контрольный номер | 08f83e68ce2f4fba8d00a4c0873440ce | ||
| 005 | Дата корректировки | 20231123144747.6 | ||
| 020 | a | ISBN | 978-5-17-153466-0 | |
| c | Цена, тираж | 288-00 | ||
| 084 | a | Индекс другой классификации/Индекс ББК | 87 | |
| 090 | a | Полочн. индекс | 87 | |
| c | Каталожный индекс | 87 | ||
| x | Авторский знак | Ц 85 | ||
| 091 | i | Возрастная адресация (DOS) | 12+ | |
| 100 | 1_ | a | Автор | Цуканов А. Л. |
| q | Полное имя | Цуканов Андрей Львович | ||
| 245 | 10 | a | Заглавие | Философия для любознательных |
| c | Ответственность | художники : Ю. Станишевский, Т. Никитина | ||
| b | Продолж. заглавия | [12+] | ||
| 260 | a | Место издания | Москва | |
| b | Издательство | АСТ | ||
| c | Дата издания | 2023 | ||
| 300 | a | Объем | 256 с. | |
| b | Иллюстрации/ тип воспроизводства | ил. | ||
| 440 | _0 | a | Серия | Простая наука для детей |
| 653 | 0_ | a | Ключевые слова | Философия для детей |
| 900 | a | Имя макрообъекта | 15483771 | |
| 901 | t | Тип документа | m |